|
|
|
|
| LEADER |
00000cam a2200000 4500 |
| 001 |
vtls012158554 |
| 003 |
SK-MaSNL |
| 005 |
20260320071841.0 |
| 008 |
230117s2022 xr odalf n 001 0 cze |
| 020 |
|
|
|a 9788027132430
|q (brožované)
|
| 040 |
|
|
|a SNK
|b slo
|c SNK
|e rda
|
| 041 |
0 |
|
|a cze
|b cze
|b eng
|
| 044 |
|
|
|a xr
|c CZ
|
| 072 |
|
7 |
|a 616
|x Patológia. Klinická medicína
|2 konspekt
|
| 080 |
|
|
|a 616-074/-079
|2 2011
|
| 080 |
|
|
|a 616-07
|2 2011
|
| 080 |
|
|
|a 616
|2 2011
|
| 080 |
|
|
|a (048.8:082)
|2 2011
|
| 245 |
0 |
0 |
|a Laboratorní vyšetření v klinické praxi
|c Helena Lahoda Brodská, Pavel Kohout a kolektiv
|
| 250 |
|
|
|a 1. vydání
|
| 264 |
|
1 |
|a Praha
|b Grada Publishing
|c 2022
|
| 300 |
|
|
|a 384 strán
|b fotografie, ilustrácie, schémy, tabuľky
|c 24 cm
|
| 336 |
|
|
|a text
|b txt
|2 rdacontent
|
| 337 |
|
|
|a bez média
|b n
|2 rdamedia
|
| 338 |
|
|
|a zväzok
|b nc
|2 rdacarrier
|
| 500 |
|
|
|a Obsahuje zoznam skratiek
|
| 504 |
|
|
|a Obsahuje bibliografiu a register
|
| 546 |
|
|
|a České a anglické resumé
|
| 650 |
0 |
7 |
|a laboratórne vyšetrenia
|2 SNKPH
|9 89817
|
| 650 |
0 |
7 |
|a laboratórna diagnostika
|2 SNKPH
|9 58157
|
| 650 |
0 |
7 |
|a laboratórna medicína
|2 SNKPH
|9 167266
|
| 650 |
0 |
7 |
|a klinická diagnostika
|2 SNKPH
|9 67973
|
| 650 |
0 |
7 |
|a klinická medicína
|2 SNKPH
|9 907
|
| 650 |
0 |
7 |
|a Laboratory examinations
|2 SNKPHeng
|9 412688
|
| 650 |
0 |
7 |
|a Laboratory diagnostics
|2 SNKPHeng
|9 267451
|
| 650 |
0 |
7 |
|a Clinical diagnostics
|2 SNKPHeng
|9 312458
|
| 650 |
0 |
7 |
|a Laboratory medicine
|2 SNKPHeng
|9 350532
|
| 650 |
0 |
7 |
|a Clinical medicine
|2 SNKPHeng
|9 267854
|
| 655 |
|
7 |
|a kolektívne monografie
|2 SNKPH
|9 249850
|
| 655 |
|
7 |
|a Collective monographs
|2 SNKPHeng
|9 125747
|
| 700 |
1 |
|
|a Kohout, Pavel,
|d 1962-
|4 edt
|4 aut
|9 488074
|
| 700 |
1 |
|
|a Lahoda Brodská, Helena,
|d 1959-
|4 edt
|4 aut
|9 624146
|
| 700 |
1 |
|
|a Vrablík, Michal,
|d 1973-
|4 rev
|9 121445
|
| 700 |
|
|
|a Zima, Tomáš,
|d 1966-
|4 aui
|9 624147
|
| 852 |
|
|
|a Slovenská národná knižnica
|
| 919 |
|
|
|a 978-80-271-3243-0
|
| 954 |
|
|
|a odborná, vedecká literatúra cudzojazyčná (svetová)
|2 lita
|
| 958 |
|
|
|a NB
|
| 958 |
|
|
|a MI
|
| 999 |
|
|
|c 959203
|d 961133
|
| 952 |
|
|
|t snkKOH 616-07
|a SNKUST
|b SNKUST
|y PREZ
|7 0
|p 17A1582642
|o snkIC 147994
|i snk2025/19289
|8 4
|g 31.79
|0 0
|1 0
|4 0
|d 2024-11-04
|l 0
|r 2026-02-24 10:14:26
|w 2026-02-24
|